Jamaican Patois(Patwah) to Am. English - Statistics

General Stats
  • This quiz has been taken 420 times
  • The average score is 5 of 11
Answer Stats
Patois Answer % Correct
Wah gwaan Whats up
76%
Nyam To Eat
70%
Vex Upset
70%
Jah God
67%
Jamdown Jamaica
59%
Badmind Jealous
36%
Zeen I understand
22%
Pasa Pasa Mix Up
16%
A Yardie A Jamaican
15%
Flass Show off
10%
Big up Well Done
9%
No matching quizzes found
Score Distribution
Percent of People with Each Score
Percentile by Number Answered
Your Score History
You have not taken this quiz